Strategic Management : Formulation ,Implementation and Control , 10th Ed. (Record no. 166951)

MARC details
000 -LEADER
fixed length control field 00452nam a2200157Ia 4500
005 - DATE AND TIME OF LATEST TRANSACTION
control field 20230826083616.0
008 - FIXED-LENGTH DATA ELEMENTS--GENERAL INFORMATION
fixed length control field 230703s9999 xx 000 0 und d
041 ## - LANGUAGE CODE
Language code of text/sound track or separate title eng
082 ## - DEWEY DECIMAL CLASSIFICATION NUMBER
Classification number 658.4012
Item number PEA
100 ## - MAIN ENTRY--PERSONAL NAME
Author Pearce J A , Robinson R B & Mital A
245 ## - TITLE STATEMENT
Title Strategic Management : Formulation ,Implementation and Control , 10th Ed.
260 ## - PUBLICATION, DISTRIBUTION, ETC.
Name of publisher, distributor, etc. Tata McGraw-Hill
Place of publication, distribution, etc. New Delhi
300 ## - PHYSICAL DESCRIPTION
Extent 788
500 ## - GENERAL NOTE
Keywords Leadership<br/>
942 ## - ADDED ENTRY ELEMENTS (KOHA)
Koha item type Donated Book
Holdings
Withdrawn status Lost status Source of classification or shelving scheme Damaged status Not for loan Home library Current library Date acquired Vendor Net Price Full call number Barcode Date last seen Actual Price Bill Date Koha item type Original Barcode
    Dewey Decimal Classification     Smt. Hiraben Nanavati Institute of Management & Research for Women Smt. Hiraben Nanavati Institute of Management & Research for Women 03/07/2023 Dr. Surya Ramdas 1.00 658.4012 PEA DB3138 HIMR-DB-3138 03/07/2023 1.00 03/07/2023 Donated Book DB3138